<?xml version="1.0" encoding="UTF-8"?>
<record
    xmlns:xsi="http://www.w3.org/2001/XMLSchema-instance"
    xsi:schemaLocation="http://www.loc.gov/MARC21/slim http://www.loc.gov/standards/marcxml/schema/MARC21slim.xsd"
    xmlns="http://www.loc.gov/MARC21/slim">

  <leader>01003nam a22001817a 4500</leader>
  <controlfield tag="003">OSt</controlfield>
  <controlfield tag="005">20131030135818.0</controlfield>
  <controlfield tag="008">131014e2013    xxu||||| |||| 00| 0 eng d</controlfield>
  <datafield tag="024" ind1=" " ind2=" ">
    <subfield code="2">DL</subfield>
    <subfield code="a">GI- 1287-2012</subfield>
  </datafield>
  <datafield tag="040" ind1=" " ind2=" ">
    <subfield code="c">CDMR</subfield>
  </datafield>
  <datafield tag="110" ind1=" " ind2=" ">
    <subfield code="9">3224</subfield>
    <subfield code="a">Comissi&#xF3; de Fotoperiodistes de Girona</subfield>
  </datafield>
  <datafield tag="245" ind1="0" ind2="0">
    <subfield code="a">Mostra de Fotoperiodistes 2012</subfield>
    <subfield code="c">Col&#xB7;lectiu de fotoperiodistes de Girona</subfield>
  </datafield>
  <datafield tag="260" ind1=" " ind2=" ">
    <subfield code="a">Girona</subfield>
    <subfield code="c">2012</subfield>
    <subfield code="b">Col&#xB7;legi de Periodistes de Catalunya, Demarcaci&#xF3; de Girona</subfield>
  </datafield>
  <datafield tag="300" ind1=" " ind2=" ">
    <subfield code="a">68 p. </subfield>
  </datafield>
  <datafield tag="505" ind1=" " ind2=" ">
    <subfield code="r">Aparicio, David; Borrat, David; Colomer, Carles; Ensesa, Agust&#xED;; Mart&#xED;, Marc ; Artalejo, Mart&#xED;;  Candela, Antoni;  Duch, Dani; Llad&#xF3;, Manel; Melendez, Carles; Atset, C&#xE8;lia;  Castro, Joan; Duran, Pere; Lleix&#xE0;, Roger; Molons, Conxi, Oliveras, Josep M.; Ribot, Jordi; Sainz de Baranda, Inma; Thowsend, Robin; Purcallas, Jaume ; Roser, Quim, Soriano, Tino; Vidal, Rosana; Resclosa, Aniol; Serrat, LLu&#xED;s, Teixid&#xF3;, Llibert, Vilches, Toni. </subfield>
  </datafield>
  <datafield tag="650" ind1="0" ind2="4">
    <subfield code="9">3679</subfield>
    <subfield code="a">Fotoperiodisme</subfield>
    <subfield code="x">Exposicions</subfield>
  </datafield>
  <datafield tag="942" ind1=" " ind2=" ">
    <subfield code="2">udc</subfield>
    <subfield code="c">MON</subfield>
  </datafield>
  <datafield tag="999" ind1=" " ind2=" ">
    <subfield code="c">6640</subfield>
    <subfield code="d">6640</subfield>
  </datafield>
  <datafield tag="952" ind1=" " ind2=" ">
    <subfield code="0">0</subfield>
    <subfield code="1">0</subfield>
    <subfield code="4">0</subfield>
    <subfield code="7">0</subfield>
    <subfield code="a">CDMR</subfield>
    <subfield code="b">CDMR</subfield>
    <subfield code="d">2013-10-15</subfield>
    <subfield code="e">Donaci&#xF3;</subfield>
    <subfield code="l">0</subfield>
    <subfield code="o">Dk</subfield>
    <subfield code="p">CDMR13108476</subfield>
    <subfield code="r">2013-10-15</subfield>
    <subfield code="w">2013-10-15</subfield>
    <subfield code="y">MON</subfield>
  </datafield>
</record>
